Ejercicios de geometría descriptiva

I tiakina i:
Ngā taipitopito rārangi puna kōrero
Kaituhi matua: Izquierdo Asensi, Fernando (Author)
Hōputu: Pukapuka
Reo:Pāniora
I whakaputaina: Madrid Dossat 1981
Putanga:8a. ed
Ngā marau:
Ngā Tūtohu: Tāpirihia he Tūtohu
Kāore He Tūtohu, Me noho koe te mea tuatahi ki te tūtohu i tēnei pūkete!

MARC

LEADER 00000nam a2200000 a 4500
001 UCU2785
003 CL-VaPUC
008 960426e19810000SP |||||||||||||||||spa|d
082 0 4 |a 516.6  |b IZQ  |2 21 
100 |a Izquierdo Asensi, Fernando  |e author  |9 371022 
245 1 0 |a Ejercicios de geometría descriptiva 
250 |a 8a. ed 
300 |a 385 p 
942 |c BK 
945 |d 19960426 00:00:00  |a lriquelm 
260 |a Madrid  |b Dossat  |c 1981 
650 0 |a Geometría   |9 264063 
650 0 |a Geometría proyectiva   |9 262638 
583 |a last modification  |c 20160104 00:44:38  |k Rodrigo Vera 
999 |c 247007  |d 247005 
952 |0 0  |1 0  |4 0  |6 516_600000000000000_IZQ_1981  |7 0  |8 A  |9 262510  |a BIBING  |b BIBING  |d 2019-11-19  |i 164324K  |o 516.6 IZQ 1981  |p 164324K  |r 2025-01-20  |w 2019-11-19  |y BK  |k CCL 
952 |0 0  |1 0  |4 0  |6 516_600000000000000_IZQ_1981  |7 0  |8 A  |9 262511  |a BIBING  |b BIBING  |d 2019-11-19  |i 1643444  |o 516.6 IZQ 1981  |p 1643444  |r 2025-01-20  |w 2019-11-19  |y BK  |k CCL 
952 |0 0  |1 0  |4 0  |6 516_600000000000000_IZQ_1981  |7 0  |8 A  |9 262512  |a BIBGIM  |b BIBGIM  |d 2019-11-19  |i 4019032  |o 516.6 IZQ 1981  |p 4019032  |r 2025-01-15  |w 2019-11-19  |y BK  |k GIM